|
|
|
|
| LEADER |
00000cam a2200000 7i4500 |
| 001 |
0000012307 |
| 005 |
20150201.0 |
| 008 |
071212 |
| 020 |
|
|
|a 9833710433
|
| 090 |
0 |
0 |
|a 110
|b LAR
|
| 100 |
1 |
|
|a Larson, Christian D
|
| 245 |
1 |
0 |
|a How to turn your dreams into reality :
|b applied metaphysics for beginners
|c Christian D. Larson
|
| 260 |
|
|
|a Selangor :
|b Masterpiece Publication ,
|c 2006
|
| 650 |
|
0 |
|a English fiction
|
| 650 |
|
0 |
|a Metaphysics
|
| 999 |
|
|
|a 0001003429
|b Book
|c Adult Collection
|e Cawangan Kota Tinggi
|
| 999 |
|
|
|a 0001003431
|b Book
|c Adult Collection
|e Perbadanan Perpustakaan Awam Johor
|
| 999 |
|
|
|a 0001003432
|b Book
|c Adult Collection
|e Cawangan Bandar Penawar
|
| 999 |
|
|
|a 0001003433
|b Book
|c Adult Collection
|e Perbadanan Perpustakaan Awam Johor
|
| 999 |
|
|
|a 0001057923
|b Book
|c Adult Collection
|e Cawangan Bandar Tenggara
|